Fatawa Islamiyah Islamic Verdicts (Vol-8) / (Record no. 197100)
[ view plain ]
| 000 -LEADER | |
|---|---|
| fixed length control field | 01012 a2200169 4500 |
| 003 - CONTROL NUMBER IDENTIFIER | |
| control field | NUST |
| 005 - DATE AND TIME OF LATEST TRANSACTION | |
| control field | 20221209152458.0 |
| 040 ## - CATALOGING SOURCE | |
| Transcribing agency | Nust |
| 082 ## - DEWEY DECIMAL CLASSIFICATION NUMBER | |
| Classification number | 297.55,BAZ |
| 100 ## - MAIN ENTRY--PERSONAL NAME | |
| Personal name | Baz, Shaykh Abdul Aziz bin Abdullah Bin |
| 9 (RLIN) | 104566 |
| 245 ## - TITLE STATEMENT | |
| Title | Fatawa Islamiyah Islamic Verdicts (Vol-8) / |
| Statement of responsibility, etc. | Shaykh Abdul Aziz bin Abdullah Bin Baz |
| 260 ## - PUBLICATION, DISTRIBUTION, ETC. | |
| Place of publication, distribution, etc. | London |
| Name of publisher, distributor, etc. | Darussalam |
| Date of publication, distribution, etc. | 2001 |
| 300 ## - PHYSICAL DESCRIPTION | |
| Extent | 415 p. ; |
| 505 ## - FORMATTED CONTENTS NOTE | |
| Formatted contents note | Jihad Da , Wah and Commanding Good and Forbidding Evil (Page-19), Rulings for Employees and Workers (Page-80), Rulings for Teachers and Students (Page-116), Dreams and Visions (Page-129), Bribery and its Effects (Page-136), The Orphan Wealth (Page-149), Collection of Various Topics (Page-208), Cosmetic Surgery Transplants and Blood Transfusion (Page-225), Backbiting Slander and Gatherings (Page-285), Issues Regarding Circumcision (Page-343), Miscellaneous Rulings (Page-355), Resolutions from the Fiqh Council in Makkah (Page-399). |
| 650 ## - SUBJECT ADDED ENTRY--TOPICAL TERM | |
| Topical term or geographic name entry element | Islamic Verdicts |
| 9 (RLIN) | 104571 |
| 942 ## - ADDED ENTRY ELEMENTS (KOHA) | |
| Source of classification or shelving scheme | |
| Koha item type | Book |
| Call number prefix | 297.55,BAZ |
| Withdrawn status | Lost status | Source of classification or shelving scheme | Damaged status | Not for loan | Collection code | Permanent Location | Current Location | Date acquired | Total Checkouts | Full call number | Barcode | Date last seen | Price effective from | Koha item type | Shelving location | Public note |
|---|---|---|---|---|---|---|---|---|---|---|---|---|---|---|---|---|
| Military College of Signals (MCS) | Military College of Signals (MCS) | 12/12/2016 | 297.55 BAZ | MCS33097 | 12/08/2016 | 12/12/2016 | Book | |||||||||
| Military College of Signals (MCS) | Military College of Signals (MCS) | 12/12/2016 | 297.55,BAZ | MCS33098 | 12/08/2016 | 12/12/2016 | Book | General Stacks | Almirah No.47, Shelf No.4 | |||||||
| Military College of Signals (MCS) | Military College of Signals (MCS) | 12/12/2016 | 297.55,BAZ | MCS33099 | 12/08/2016 | 12/12/2016 | Book | General Stacks | Almirah No.47, Shelf No.4 |
